000 00658nam a2200193 a 4500
001 000047261
005 20201002053508.0
008 180425s2015 dr a 000 0 spa d
020 _a9789945123258
040 _aDO-SdBNP
_bspa
_cBNPHU
082 _axxx
_bH557c
100 1 _aHernández Tejada, Margarita,
_950027
245 1 0 _aCiencias sociales :
_bguía didáctico y solucionario 1-2-3-4-5-6 , primaria /
_cMargarita Hernández Tejada.
260 _aSanto Domingo :
_bSusaeta,
_c2015.
300 _a135p. :
_bil.,29 cm.
500 _aEnfoque por competencias. Nuevo currículo.
590 _aInventariado, 2018/MFF
700 1 _aAlbert Batista, Celsa
_91180
999 _c46749
_d46749